[Event "Labour Day op"]
[Site "Langley CAN"]
[Date "2007.09.02"]
[Round "4"]
[White "Angelvette, Duane"]
[Black "Sohal, Tanraj"]
[Result "1/2-1/2"]
[WhiteElo "1688"]
[BlackElo "1801"]
[PlyCount "67"]
[GameId "2160767910579687"]
[EventDate "2007.09.01"]
[EventType "swiss"]
[EventRounds "6"]
[EventCountry "CAN"]

1. e4 c5 2. Nc3 d6 3. f4 Nc6 4. Bc4 a6 5. a4 g6 6. Nf3 Bg7 7. O-O e6 8. f5 exf5 9. d3 Nge7 10. exf5 Bxf5 11. Bg5 h6 12. Bxe7 Nxe7 13. Qe2 O-O 14. Nh4 Qd7 15. Nxf5 Nxf5 16. Qg4 Kh7 17. Nd5 Rae8 18. c3 Qd8 19. Rxf5 gxf5 20. Qxf5+ Kh8 21. d4 Qg5 22. Qxg5 hxg5 23. dxc5 dxc5 24. Rf1 f5 25. Nc7 Re7 26. Ne6 Rfe8 27. Nxg5 Re1 28. Nf7+ Kh7 29. Nd6 Rxf1+ 30. Kxf1 Rd8 31. Nxb7 Rd2 32. Nxc5 Rxb2 33. Nxa6 Bxc3 34. Bb5 1/2-1/2

[Event "Labour Day op"]
[Site "Langley CAN"]
[Date "2007.09.02"]
[Round "4"]
[White "Botez, Alexandra"]
[Black "Han, Yiming"]
[Result "0-1"]
[WhiteElo "1797"]
[BlackElo "1927"]
[PlyCount "70"]
[GameId "2160767910579688"]
[EventDate "2007.09.01"]
[EventType "swiss"]
[EventRounds "6"]
[EventCountry "CAN"]

1. d4 d5 2. c4 e6 3. Nc3 Nf6 4. Nf3 Be7 5. Bg5 O-O 6. e3 b6 7. Bd3 Bb7 8. O-O Nbd7 9. Qc2 c5 10. cxd5 exd5 11. Rac1 c4 12. Bf5 h6 13. Bf4 a6 14. Rfe1 Re8 15. a4 Bc6 16. Ra1 b5 17. axb5 axb5 18. Be5 Nb6 19. Bxf6 Bxf6 20. b3 b4 21. Na2 Qd6 22. bxc4 dxc4 23. Qb2 b3 24. Nc3 g6 25. Bg4 Bg7 26. Nd2 Qb4 27. Bf3 Bxf3 28. Nxf3 Rec8 29. Rec1 Na4 30. Nxa4 Rxa4 31. Rxa4 Qxa4 32. Qc3 Bf8 33. Qb2 Ba3 34. Qb1 Bxc1 35. Qxc1 c3 0-1

[Event "Labour Day op"]
[Site "Langley CAN"]
[Date "2007.09.02"]
[Round "4"]
[White "Caluza, Juni"]
[Black "Jose, Marionito"]
[Result "1-0"]
[WhiteElo "1674"]
[BlackElo "1767"]
[PlyCount "93"]
[GameId "2160767910579689"]
[EventDate "2007.09.01"]
[EventType "swiss"]
[EventRounds "6"]
[EventCountry "CAN"]

1. c4 Nf6 2. Nc3 g6 3. e4 d6 4. d4 Bg7 5. Nf3 O-O 6. Be2 e5 7. dxe5 dxe5 8. Qxd8 Rxd8 9. Bg5 c6 10. O-O h6 11. Bh4 Re8 12. Rad1 Bg4 13. Rfe1 Nbd7 14. Rd6 g5 15. Bg3 Bxf3 16. Bxf3 Bf8 17. Rd2 a5 18. h4 Nc5 19. hxg5 hxg5 20. Bd1 Re6 21. a3 a4 22. Bc2 Nh5 23. Re3 Bh6 24. Rd1 Kg7 25. Bh2 Nf4 26. Bxf4 gxf4 27. Rh3 Rg6 28. Na2 Bg5 29. Nb4 Rd8 30. Rxd8 Bxd8 31. Nd3 Nd7 32. Bxa4 Bb6 33. Bc2 Bd4 34. b4 Nf6 35. Rf3 Ng4 36. Kf1 Rh6 37. Nc1 Nf6 38. Nb3 Rh1+ 39. Ke2 Bb2 40. Na5 b5 41. c5 Rh2 42. g3 fxg3 43. Rxg3+ Kf8 44. Nxc6 Nh5 45. Rf3 Nf4+ 46. Kd2 Rh1 47. Bd1 1-0

[Event "Labour Day op"]
[Site "Langley CAN"]
[Date "2007.09.02"]
[Round "4"]
[White "Cheng, Jack"]
[Black "Leblanc, Paul"]
[Result "0-1"]
[WhiteElo "1843"]
[BlackElo "1943"]
[PlyCount "90"]
[GameId "2160767910579692"]
[EventDate "2007.09.01"]
[EventType "swiss"]
[EventRounds "6"]
[EventCountry "CAN"]

1. e4 c6 2. d4 d5 3. e5 c5 4. c3 e6 5. Nf3 Nc6 6. Be2 Nge7 7. Na3 a6 8. O-O Nf5 9. Nc2 Be7 10. Bd3 g6 11. Bxf5 gxf5 12. Bh6 Rg8 13. Qd2 Bd7 14. b4 cxb4 15. cxb4 Qb6 16. Rab1 O-O-O 17. Rfc1 Kb8 18. a4 Na7 19. Ra1 Rc8 20. Nfe1 f6 21. Bf4 Ka8 22. Nd3 Qd8 23. Rcb1 b6 24. Ne3 Qe8 25. a5 b5 26. Nc5 Bxc5 27. dxc5 fxe5 28. Bxe5 Nc6 29. Bd6 Qg6 30. g3 h5 31. Ng2 Rh8 32. Nh4 Qg7 33. f4 Rcg8 34. Kf2 Qg4 35. Qe2 Qh3 36. Ke3 Rg4 37. Nf3 Rhg8 38. Ng5 R8xg5 39. Kd2 Rg8 40. Ra3 h4 41. Rbb3 Nd4 42. Qe5 Nxb3+ 43. Rxb3 Qxh2+ 44. Kc1 Rxg3 45. Rxg3 Qxg3 0-1

[Event "Labour Day op"]
[Site "Langley CAN"]
[Date "2007.09.02"]
[Round "4"]
[White "Cruz, Joshua"]
[Black "Harris, Philip"]
[Result "1-0"]
[WhiteElo "2004"]
[BlackElo "1922"]
[PlyCount "20"]
[GameId "2160767910579693"]
[EventDate "2007.09.01"]
[EventType "swiss"]
[EventRounds "6"]
[EventCountry "CAN"]

1. e4 e5 2. Nf3 Nf6 3. Bc4 Bc5 4. d3 d6 5. Nc3 c6 6. O-O O-O 7. h3 Qe7 8. Nh4 Nxe4 9. Nxe4 Qxh4 10. Bg5 Nd7 1-0

[Event "Labour Day op"]
[Site "Langley CAN"]
[Date "2007.09.02"]
[Round "4"]
[White "Han, Yifei"]
[Black "Patterson, Roger"]
[Result "1/2-1/2"]
[WhiteElo "1873"]
[BlackElo "2254"]
[PlyCount "84"]
[GameId "2160767910579694"]
[EventDate "2007.09.01"]
[EventType "swiss"]
[EventRounds "6"]
[EventCountry "CAN"]

1. e4 c5 2. Nf3 d6 3. d4 cxd4 4. Nxd4 Nf6 5. Nc3 e6 6. Be2 Be7 7. Be3 a6 8. a4 Nc6 9. O-O O-O 10. Kh1 Qc7 11. f4 Re8 12. Nb3 b6 13. Qe1 Bb7 14. Qf2 Nd7 15. f5 Bf6 16. Nd4 Nxd4 17. Bxd4 exf5 18. exf5 Bxd4 19. Qxd4 Nf6 20. Rad1 d5 21. Bf3 Re5 22. g4 Rae8 23. Qf4 Qc5 24. Rd3 Ne4 25. Bxe4 dxe4 26. Re3 f6 27. h4 b5 28. g5 fxg5 29. hxg5 Rf8 30. f6 Rxg5 31. f7+ Kh8 32. Kh2 Rg6 33. Nxe4 Qh5+ 34. Rh3 Qe2+ 35. Rf2 Qxe4 36. Qxe4 Bxe4 37. Re3 Bc6 38. axb5 axb5 39. Rd3 Re6 40. Rd8 Rh6+ 41. Kg3 Rg6+ 42. Kh4 Rh6+ 1/2-1/2

[Event "Labour Day op"]
[Site "Langley CAN"]
[Date "2007.09.02"]
[Round "4"]
[White "Kyriakides, Savvas"]
[Black "Yee, Peter"]
[Result "0-1"]
[WhiteElo "2012"]
[BlackElo "1845"]
[PlyCount "94"]
[GameId "2160767910579695"]
[EventDate "2007.09.01"]
[EventType "swiss"]
[EventRounds "6"]
[EventCountry "CAN"]

1. e4 d6 2. d4 g6 3. Nf3 Bg7 4. c3 Nf6 5. Bd3 O-O 6. O-O Nbd7 7. h3 e5 8. Bg5 Qe8 9. Re1 h6 10. Bh4 Nh5 11. Na3 Ndf6 12. Nc4 g5 13. dxe5 dxe5 14. Bg3 Nxg3 15. fxg3 Nd7 16. Ne3 Nc5 17. Bc2 c6 18. b4 Nd7 19. Nf5 Kh7 20. Nxg5+ Kg6 21. Qd6+ Nf6 22. Nf3 Kh7 23. Nxe5 Bxf5 24. exf5 Rd8 25. Qc5 Rd5 26. Qe3 Qb8 27. c4 Rdd8 28. Re2 Qc7 29. Rae1 Kg8 30. Kh2 h5 31. Qf4 c5 32. bxc5 Qxc5 33. Nd3 Qa5 34. g4 hxg4 35. hxg4 Qc3 36. g5 Rd4 37. Qf3 Rh4+ 38. Kg1 Qd4+ 39. Qe3 Ng4 40. Qxd4 Bxd4+ 41. Nf2 Nxf2 42. Rxf2 Rf4 43. Ree2 Rd8 44. Kf1 Rxf2+ 45. Rxf2 Bxf2 46. Kxf2 Rd2+ 47. Ke3 Rxc2 0-1

[Event "Labour Day op"]
[Site "Langley CAN"]
[Date "2007.09.02"]
[Round "4"]
[White "Lai, Peter"]
[Black "Enns, Edward"]
[Result "1-0"]
[WhiteElo "1566"]
[BlackElo "1331"]
[PlyCount "57"]
[GameId "2160767910579696"]
[EventDate "2007.09.01"]
[EventType "swiss"]
[EventRounds "6"]
[EventCountry "CAN"]

1. d4 g6 2. c4 Bg7 3. Nc3 e6 4. e4 Nf6 5. Nf3 O-O 6. Be2 d6 7. O-O b6 8. Bg5 h6 9. Bh4 g5 10. Bg3 Bb7 11. Qc2 c5 12. dxc5 bxc5 13. Rad1 Ne8 14. Nb5 d5 15. cxd5 exd5 16. exd5 Qb6 17. Rfe1 Nd7 18. Nc3 Nd6 19. Na4 Qa5 20. Bxd6 Rfe8 21. Nc3 Bxc3 22. Qxc3 Rxe2 23. Qxa5 Rxe1+ 24. Qxe1 a5 25. Qe7 Bc8 26. Qe8+ Kg7 27. Ne5 Nxe5 28. Bxe5+ Kg6 29. Qc6+ 1-0

[Event "Labour Day op"]
[Site "Langley CAN"]
[Date "2007.09.02"]
[Round "4"]
[White "Landingin, Jofrei"]
[Black "Trochtchanovitch, Pavel"]
[Result "1-0"]
[WhiteElo "1872"]
[BlackElo "2021"]
[PlyCount "101"]
[GameId "2160767910579697"]
[EventDate "2007.09.01"]
[EventType "swiss"]
[EventRounds "6"]
[EventCountry "CAN"]

1. e4 e5 2. Bc4 Nf6 3. d3 Bc5 4. h3 c6 5. Be3 Bxe3 6. fxe3 Qb6 7. Qc1 d5 8. exd5 cxd5 9. Bb3 O-O 10. Ne2 Na6 11. O-O Nc5 12. Kh1 a5 13. a4 Nxb3 14. cxb3 Qxb3 15. Ra3 Qb6 16. d4 Re8 17. dxe5 Rxe5 18. Nd4 Ne4 19. Rf3 Rh5 20. Nd2 Bg4 21. Rf4 Bxh3 22. Nxe4 Bf5+ 23. Kg1 Bxe4 24. Rc3 Rd8 25. Rc8 Rg5 26. Rf2 Bg6 27. Qc5 Re5 28. Qxb6 Rxc8 29. Nb3 Rce8 30. Qxb7 R8e7 31. Qc6 R7e6 32. Qc5 h6 33. Nd4 Re8 34. Qxa5 Rxe3 35. Qb6 Kh7 36. Re2 Rxe2 37. Nxe2 Re4 38. Nc3 Re5 39. a5 Rg5 40. a6 d4 41. Qb7 dxc3 42. bxc3 Rg4 43. a7 Be4 44. Qxe4+ Rxe4 45. a8=Q f5 46. Qd5 Kg6 47. c4 Kf6 48. c5 Re5 49. Qd4 f4 50. c6 Ke6 51. Qd7+ 1-0

[Event "Labour Day op"]
[Site "Langley CAN"]
[Date "2007.09.02"]
[Round "4"]
[White "Lohner, Jason"]
[Black "Paulson, Stewart"]
[Result "1/2-1/2"]
[WhiteElo "1396"]
[BlackElo "1614"]
[PlyCount "83"]
[GameId "2160767910579698"]
[EventDate "2007.09.01"]
[EventType "swiss"]
[EventRounds "6"]
[EventCountry "CAN"]

1. f4 b6 2. Nf3 Nf6 3. e3 Ba6 4. d3 e6 5. g3 d5 6. Bg2 Bd6 7. O-O Nbd7 8. Re1 Rc8 9. b3 O-O 10. Bb2 Re8 11. Nbd2 c5 12. c4 Bf8 13. Ne5 Nb8 14. Rc1 Bb7 15. Ng4 Nbd7 16. Nxf6+ Nxf6 17. Nf3 Ba8 18. Ne5 Qd6 19. Qe2 Nd7 20. Nxd7 Qxd7 21. d4 g6 22. Rcd1 Bg7 23. Bh3 Qc7 24. cxd5 Qb7 25. e4 Rcd8 26. dxe6 fxe6 27. d5 exd5 28. Bxg7 Qxg7 29. e5 d4 30. Bg2 Bxg2 31. Kxg2 Qb7+ 32. Qf3 Qxf3+ 33. Kxf3 Kf7 34. Ke4 Ke6 35. g4 Rf8 36. Rf1 d3 37. f5+ gxf5+ 38. gxf5+ Kf7 39. Rxd3 Rxd3 40. Kxd3 Rd8+ 41. Ke3 Rd5 42. Ke4 1/2-1/2

[Event "Labour Day op"]
[Site "Langley CAN"]
[Date "2007.09.02"]
[Round "4"]
[White "Long, Hugh"]
[Black "Sabaratnam, Thiruvaran"]
[Result "0-1"]
[WhiteElo "1766"]
[BlackElo "1518"]
[PlyCount "120"]
[GameId "2160767910579699"]
[EventDate "2007.09.01"]
[EventType "swiss"]
[EventRounds "6"]
[EventCountry "CAN"]

1. Nf3 d5 2. d4 Nf6 3. g3 e6 4. Bg2 Be7 5. O-O O-O 6. Nbd2 b6 7. c4 Bb7 8. Ne5 Nbd7 9. cxd5 Nxd5 10. e4 N5f6 11. Nec4 Re8 12. e5 Nd5 13. Ne4 Rb8 14. Qh5 Nf8 15. f4 Nb4 16. Rd1 Nc2 17. Rb1 Nxd4 18. Be3 c5 19. Bxd4 cxd4 20. Ned6 g6 21. Qh6 Bxg2 22. Kxg2 Bxd6 23. Nxd6 Re7 24. Rxd4 Qc7 25. Rbd1 Qc6+ 26. Kh3 Rd7 27. f5 Qf3 28. f6 Qh5+ 29. Qxh5 gxh5 30. Rh4 Ng6 31. Rxh5 Rbd8 32. Rd4 Nxe5 33. Rxe5 Rxd6 34. Rg5+ Kf8 35. Rdg4 Ke8 36. Rg7 e5 37. Rxh7 Rxf6 38. Re4 Re6 39. Rh8+ Kd7 40. Rxd8+ Kxd8 41. Kg4 Ke7 42. Kf5 f6 43. h4 Kf7 44. h5 Re8 45. h6 b5 46. h7 Rh8 47. Rh4 Kg7 48. Rg4+ Kf7 49. Rh4 a5 50. Rh6 Kg7 51. Rxf6 Rxh7 52. Kxe5 Rh2 53. Ra6 a4 54. Kf5 Rxb2 55. Ra7+ Kf8 56. Kf6 Rf2+ 57. Ke6 Rxa2 58. g4 b4 59. g5 b3 60. Kf6 Rf2+ 0-1

[Event "Labour Day op"]
[Site "Langley CAN"]
[Date "2007.09.02"]
[Round "4"]
[White "Parker, Dylan"]
[Black "Hamm, Robert"]
[Result "1/2-1/2"]
[WhiteElo "1460"]
[BlackElo "1681"]
[PlyCount "75"]
[GameId "2160767910579700"]
[EventDate "2007.09.01"]
[EventType "swiss"]
[EventRounds "6"]
[EventCountry "CAN"]

1. e4 c5 2. Nf3 d6 3. d4 cxd4 4. Nxd4 Nf6 5. Nc3 e6 6. Bg5 a6 7. f4 Be7 8. Qd2 Qc7 9. Be2 b5 10. a3 Bb7 11. Bf3 Nbd7 12. O-O O-O 13. Kh1 Rfd8 14. Rad1 Rac8 15. Qe2 Nb6 16. e5 Bxf3 17. Nxf3 Nfd5 18. Bxe7 Qxe7 19. exd6 Rxd6 20. Nxd5 Nxd5 21. g3 Rcd8 22. Rfe1 Nb6 23. Rxd6 Qxd6 24. Qe4 Nc4 25. a4 h6 26. axb5 axb5 27. b3 Nb6 28. c4 bxc4 29. bxc4 Qc5 30. Rc1 Qa3 31. Rb1 Na4 32. Qc6 Nc3 33. Re1 Nd5 34. Nd4 Ne3 35. Qf3 Nxc4 36. Qxa3 Nxa3 37. Rc1 Nb5 38. Kg2 1/2-1/2

[Event "Labour Day op"]
[Site "Langley CAN"]
[Date "2007.09.02"]
[Round "4"]
[White "Rodriques, Adrian"]
[Black "Hoyer, Andrew"]
[Result "1-0"]
[WhiteElo "1184"]
[BlackElo "999"]
[PlyCount "39"]
[GameId "2160767910579701"]
[EventDate "2007.09.01"]
[EventType "swiss"]
[EventRounds "6"]
[EventCountry "CAN"]

1. e4 e5 2. Nf3 Nc6 3. Bc4 h6 4. Nc3 Nf6 5. d4 exd4 6. Nxd4 Nxd4 7. Qxd4 b6 8. Nd5 c6 9. Nxf6+ gxf6 10. O-O Bb7 11. e5 Be7 12. exf6 Bxf6 13. Re1+ Kf8 14. Bxh6+ Kg8 15. Qg4+ Kh7 16. Bd3+ Kxh6 17. Re3 Bh4 18. Rh3 Qg5 19. Rxh4+ Qxh4 20. Qxh4+ 1-0

[Event "Labour Day op"]
[Site "Langley CAN"]
[Date "2007.09.02"]
[Round "4"]
[White "Sullivan, Brian"]
[Black "Datcu-Romano, Alex"]
[Result "1-0"]
[WhiteElo "1671"]
[BlackElo "419"]
[PlyCount "109"]
[GameId "2160767910579703"]
[EventDate "2007.09.01"]
[EventType "swiss"]
[EventRounds "6"]
[EventCountry "CAN"]

1. e4 c5 2. Nf3 d6 3. d4 cxd4 4. Nxd4 Nf6 5. Nc3 a6 6. Be2 Bd7 7. O-O e6 8. Be3 g6 9. Qd2 b5 10. a3 Nc6 11. Rad1 Bg7 12. f3 O-O 13. Nxc6 Bxc6 14. Qxd6 Qxd6 15. Rxd6 Rac8 16. Rfd1 Ne8 17. Rd8 Rxd8 18. Rxd8 Bf6 19. Rc8 Bb7 20. Rb8 Bc6 21. Rb6 Bd7 22. Rxa6 Nc7 23. Ra7 Rc8 24. Kf1 Bc6 25. Bb6 Ne8 26. Bd3 Bg7 27. f4 Rb8 28. Be3 f5 29. e5 Bf8 30. Ra6 Bd7 31. Rb6 Rxb6 32. Bxb6 b4 33. axb4 Bxb4 34. Nb5 Bd2 35. g3 h6 36. c3 g5 37. Ke2 Bc1 38. fxg5 hxg5 39. b4 f4 40. gxf4 Bxf4 41. Bd4 Bxh2 42. Kf3 Bf4 43. Kg4 Ng7 44. Nd6 Kf8 45. b5 Ne8 46. Ne4 Kg7 47. Nxg5 Bxg5 48. Kxg5 Nc7 49. b6 Kf7 50. b7 Nd5 51. b8=Q Ne7 52. Qc7 Be8 53. Bc5 Kf8 54. Qxe7+ Kg8 55. Qh7# 1-0

[Event "Labour Day op"]
[Site "Langley CAN"]
[Date "2007.09.02"]
[Round "4"]
[White "Zhao, Donovan"]
[Black "Davidson, Brian"]
[Result "1/2-1/2"]
[WhiteElo "1529"]
[BlackElo "1776"]
[PlyCount "74"]
[GameId "2160767910579704"]
[EventDate "2007.09.01"]
[EventType "swiss"]
[EventRounds "6"]
[EventCountry "CAN"]

1. e4 c5 2. Nf3 d6 3. d4 cxd4 4. Nxd4 Nf6 5. Nc3 a6 6. Be2 e5 7. Nb3 Be7 8. Be3 Be6 9. Bf3 O-O 10. O-O Nbd7 11. h3 Rc8 12. Qd2 Re8 13. Rad1 Nb6 14. Bxb6 Qxb6 15. Rfe1 h6 16. Qe3 Qxe3 17. Rxe3 Nh7 18. Re2 Red8 19. Red2 Ng5 20. Be2 Bxb3 21. axb3 Ne6 22. g3 Nd4 23. h4 b5 24. Kg2 g6 25. Ra1 Rc6 26. Bd1 Ra8 27. Ne2 Ne6 28. Nc3 Bd8 29. Nxb5 Be7 30. Nc3 Kg7 31. Nd5 Bd8 32. c3 Nc5 33. Bc2 Rb8 34. Nb4 Rcb6 35. Rdd1 h5 36. Nd5 Rc6 37. Nb4 Rcb6 1/2-1/2

[Event "Labour Day op"]
[Site "Langley CAN"]
[Date "2007.09.03"]
[Round "5"]
[White "Datcu-Romano, Alex"]
[Black "Long, Hugh"]
[Result "0-1"]
[WhiteElo "419"]
[BlackElo "1766"]
[PlyCount "47"]
[GameId "2160767910579706"]
[EventDate "2007.09.01"]
[EventType "swiss"]
[EventRounds "6"]
[EventCountry "CAN"]

1. e4 e6 2. d4 d5 3. f3 c5 4. c3 Nc6 5. Ne2 cxd4 6. cxd4 Bb4+ 7. Bd2 Bxd2+ 8. Nxd2 Nge7 9. Nb3 O-O 10. Nf4 a5 11. a3 a4 12. Nc1 Qa5+ 13. Kf2 dxe4 14. fxe4 Rd8 15. Nce2 Qb6 16. Ke3 e5 17. Qd2 exf4+ 18. Kxf4 Nxd4 19. Nxd4 Qh6+ 20. Kf3 Qxd2 21. Ne2 Rd3+ 22. Kf2 Qe3+ 23. Ke1 Be6 24. Rd1 0-1

[Event "Labour Day op"]
[Site "Langley CAN"]
[Date "2007.09.03"]
[Round "5"]
[White "Davidson, Brian"]
[Black "Parker, Dylan"]
[Result "1-0"]
[WhiteElo "1776"]
[BlackElo "1460"]
[PlyCount "93"]
[GameId "2160767910579707"]
[EventDate "2007.09.01"]
[EventType "swiss"]
[EventRounds "6"]
[EventCountry "CAN"]

1. d4 d5 2. Bg5 f6 3. Bh4 g5 4. Bg3 f5 5. e3 Nf6 6. Be5 Nbd7 7. Be2 g4 8. h3 h5 9. hxg4 fxg4 10. Qd3 Nxe5 11. dxe5 Ne4 12. f3 gxf3 13. gxf3 Nc5 14. Qb5+ Nd7 15. e6 c6 16. exd7+ Bxd7 17. Qd3 Qa5+ 18. Qc3 Qxc3+ 19. Nxc3 Bg7 20. f4 O-O-O 21. Rxh5 Rhg8 22. O-O-O Kb8 23. Nf3 Bg4 24. Rg5 Be6 25. Rdg1 Bf6 26. Rxg8 Rxg8 27. Rxg8+ Bxg8 28. Nd1 Bh7 29. Nf2 Kc7 30. Ng4 Bh8 31. Ng5 Bf5 32. Nh6 Bg6 33. Bd3 Bh5 34. c3 c5 35. Kd2 d4 36. cxd4 cxd4 37. exd4 Bxd4 38. Ne6+ Kd7 39. Nxd4 a5 40. Nhf5 b6 41. Bb5+ Kc7 42. Ne6+ Kb7 43. Nxe7 Bf3 44. f5 Bg4 45. Ke3 Bh5 46. f6 Bg4 47. f7 1-0

[Event "Labour Day op"]
[Site "Langley CAN"]
[Date "2007.09.03"]
[Round "5"]
[White "Enns, Edward"]
[Black "Rodriques, Adrian"]
[Result "1-0"]
[WhiteElo "1331"]
[BlackElo "1184"]
[PlyCount "27"]
[GameId "2160767910579708"]
[EventDate "2007.09.01"]
[EventType "swiss"]
[EventRounds "6"]
[EventCountry "CAN"]

1. e4 e5 2. Nf3 Nc6 3. Bb5 Nf6 4. O-O a6 5. Ba4 Nxe4 6. Re1 Nc5 7. Bxc6 dxc6 8. Rxe5+ Be6 9. d4 Bd6 10. Re1 Nd7 11. Ng5 O-O 12. Nxe6 fxe6 13. Qh5 g6 14. Qh3 1-0

[Event "Labour Day op"]
[Site "Langley CAN"]
[Date "2007.09.03"]
[Round "5"]
[White "Escandor, Manuel Omana"]
[Black "Sullivan, Brian"]
[Result "1-0"]
[WhiteElo "1824"]
[BlackElo "1671"]
[PlyCount "50"]
[GameId "2160767910579709"]
[EventDate "2007.09.01"]
[EventType "swiss"]
[EventRounds "6"]
[EventCountry "CAN"]

1. e4 e5 2. Nf3 Nc6 3. Bb5 a6 4. Ba4 Nf6 5. d3 d6 6. O-O Be7 7. h3 O-O 8. Nc3 b5 9. Bb3 Na5 10. Be3 Nxb3 11. cxb3 b4 12. Ne2 c5 13. Rc1 a5 14. Nd2 Bd7 15. f4 a4 16. fxe5 dxe5 17. Nc4 axb3 18. axb3 Qc7 19. Ng3 Be6 20. Nf5 Bxf5 21. Rxf5 g6 22. Rxe5 Nh5 23. Bh6 Ng7 24. Bf4 f6 25. Rf5 Qc6 1-0

[Event "Labour Day op"]
[Site "Langley CAN"]
[Date "2007.09.03"]
[Round "5"]
[White "Harris, Philip"]
[Black "Sabaratnam, Thiruvaran"]
[Result "1/2-1/2"]
[WhiteElo "1922"]
[BlackElo "1518"]
[PlyCount "62"]
[GameId "2160767910579710"]
[EventDate "2007.09.01"]
[EventType "swiss"]
[EventRounds "6"]
[EventCountry "CAN"]

1. d4 d5 2. c4 e6 3. Nc3 Nf6 4. e3 Be7 5. Nf3 b6 6. Bd3 Bb7 7. O-O O-O 8. Qe2 Nbd7 9. Rd1 Re8 10. b3 c5 11. Bb2 h6 12. Rac1 dxc4 13. Bxc4 cxd4 14. Nxd4 a6 15. a4 Bb4 16. Nc2 Bxc3 17. Bxc3 Qe7 18. Nd4 Nc5 19. Bb4 Rad8 20. a5 bxa5 21. Bxc5 Qxc5 22. Bxa6 Bxa6 23. Qxa6 Qb4 24. Qc4 Qxc4 25. bxc4 Ne4 26. Nc6 Rxd1+ 27. Rxd1 a4 28. f3 Nc3 29. Rd3 Nb1 30. Rd1 Nc3 31. Rd3 Nb1 1/2-1/2

[Event "Labour Day op"]
[Site "Langley CAN"]
[Date "2007.09.03"]
[Round "5"]
[White "Hoyer, Andrew"]
[Black "Vieira, Daniel"]
[Result "1/2-1/2"]
[WhiteElo "999"]
[BlackElo "1026"]
[PlyCount "117"]
[GameId "2160767910579711"]
[EventDate "2007.09.01"]
[EventType "swiss"]
[EventRounds "6"]
[EventCountry "CAN"]

1. e4 c5 2. Nf3 d6 3. d4 cxd4 4. Nxd4 Nf6 5. Nc3 g6 6. b3 Bg7 7. Bb2 Nc6 8. Nxc6 bxc6 9. e5 Ng4 10. exd6 O-O 11. dxe7 Qxe7+ 12. Be2 Ba6 13. Kf1 Bxe2+ 14. Qxe2 Qxe2+ 15. Kxe2 Rfe8+ 16. Kf1 Bd4 17. Nd1 Bc5 18. g3 Bb4 19. Kg2 Re2 20. h3 Nh6 21. Bc3 Bxc3 22. Nxc3 Rxc2 23. Rac1 Rd2 24. Rcd1 Rad8 25. Rxd2 Rxd2 26. Rc1 Nf5 27. Kf1 Ne7 28. Ke1 Rb2 29. f3 Nd5 30. Nd1 Rh2 31. Nf2 Rg2 32. g4 Rg1+ 33. Kd2 Rg2 34. Ke2 Nf4+ 35. Ke3 Kg7 36. Rxc6 Kh6 37. Kxf4 Rxf2 38. Ra6 Rh2 39. Rxa7 g5+ 40. Ke3 Kg6 41. b4 Rb2 42. Ra4 h5 43. Kd4 hxg4 44. hxg4 f5 45. gxf5+ Kxf5 46. Kc3 Rf2 47. b5 Rxf3+ 48. Kb4 Rf4+ 49. Ka5 Rxa4+ 50. Kxa4 Ke6 51. b6 Kd7 52. Kb5 g4 53. Ka6 g3 54. b7 g2 55. b8=Q g1=Q 56. Qa7+ Qxa7+ 57. Kxa7 Kc7 58. Ka6 Kc6 59. a4 1/2-1/2

[Event "Labour Day op"]
[Site "Langley CAN"]
[Date "2007.09.03"]
[Round "5"]
[White "Jose, Marionito"]
[Black "Zhao, Donovan"]
[Result "1/2-1/2"]
[WhiteElo "1767"]
[BlackElo "1529"]
[PlyCount "62"]
[GameId "2160767910579712"]
[EventDate "2007.09.01"]
[EventType "swiss"]
[EventRounds "6"]
[EventCountry "CAN"]

1. d4 d5 2. Nf3 Nf6 3. c4 e6 4. Nc3 c6 5. Bf4 Bd6 6. Bg5 Nbd7 7. e3 Qa5 8. c5 Bb8 9. a3 Qd8 10. Bd3 e5 11. dxe5 Bxe5 12. Rc1 O-O 13. O-O Qc7 14. b4 Bxc3 15. Rxc3 Ne4 16. Bxe4 dxe4 17. Nd2 f5 18. Qb3+ Kh8 19. Nc4 b6 20. Nd6 Ne5 21. Bf4 Ng6 22. Rd1 Nxf4 23. exf4 bxc5 24. bxc5 Rb8 25. Qa2 Qe7 26. Rh3 Be6 27. Qe2 Bd5 28. Rc3 Qf6 29. Qd2 Qg6 30. Rg3 Qf6 31. Rc3 Qg6 1/2-1/2

[Event "Labour Day op"]
[Site "Langley CAN"]
[Date "2007.09.03"]
[Round "5"]
[White "Leblanc, Paul"]
[Black "Landingin, Jofrei"]
[Result "1-0"]
[WhiteElo "1943"]
[BlackElo "1872"]
[PlyCount "77"]
[GameId "2160767910579713"]
[EventDate "2007.09.01"]
[EventType "swiss"]
[EventRounds "6"]
[EventCountry "CAN"]

1. d4 f5 2. g3 Nf6 3. Bg2 e6 4. Nf3 Be7 5. O-O O-O 6. c4 c6 7. Nc3 d5 8. Bf4 Ne4 9. e3 Nd7 10. Nd2 Nxd2 11. Qxd2 dxc4 12. Qe2 Nb6 13. Rad1 Bf6 14. e4 Bxd4 15. Be5 c5 16. Nb5 Qe8 17. Nxd4 cxd4 18. Bxd4 Qa4 19. a3 e5 20. Bxe5 Re8 21. Bc3 fxe4 22. Bxe4 Bf5 23. f3 Re6 24. Rfe1 Rae8 25. Rd4 Qb5 26. Qd2 Bg6 27. Kg2 Qh5 28. Bxg6 Qxg6 29. Rxe6 Qxe6 30. Re4 Qf7 31. Rg4 Nd5 32. Rxg7+ Qxg7 33. Bxg7 Kxg7 34. Qxd5 Re2+ 35. Kh3 Re7 36. Qxc4 a6 37. Kg4 Rf7 38. f4 Re7 39. f5 1-0

[Event "Labour Day op"]
[Site "Langley CAN"]
[Date "2007.09.03"]
[Round "5"]
[White "Li, Changhe"]
[Black "Han, Yifei"]
[Result "1-0"]
[WhiteElo "1801"]
[BlackElo "1873"]
[PlyCount "83"]
[GameId "2160767910579714"]
[EventDate "2007.09.01"]
[EventType "swiss"]
[EventRounds "6"]
[EventCountry "CAN"]

1. e4 e5 2. Nf3 Nc6 3. Nc3 Nf6 4. d4 exd4 5. Nxd4 Bb4 6. Nxc6 bxc6 7. Bd3 d5 8. O-O Bxc3 9. bxc3 dxe4 10. Bxe4 Qxd1 11. Rxd1 Nxe4 12. Re1 Bf5 13. f3 O-O-O 14. fxe4 Rhe8 15. Bg5 f6 16. Bxf6 gxf6 17. exf5 Rxe1+ 18. Rxe1 Rd2 19. Re6 Rd6 20. Rxd6 cxd6 21. Kf2 Kd7 22. Kg3 d5 23. Kh4 Kd6 24. Kh5 Ke5 25. g4 Kf4 26. h3 a6 27. Kh6 a5 28. Kxh7 Kg5 29. h4+ Kf4 30. Kg6 Ke3 31. h5 Kd2 32. h6 Kxc3 33. h7 Kb2 34. h8=Q Kxa2 35. Qxf6 a4 36. Qxc6 a3 37. Qa4 Kb2 38. Qb3+ Kc1 39. f6 d4 40. f7 d3 41. cxd3 a2 42. f8=Q 1-0

[Event "Labour Day op"]
[Site "Langley CAN"]
[Date "2007.09.03"]
[Round "5"]
[White "Lohner, Jason"]
[Black "Lai, Peter"]
[Result "1-0"]
[WhiteElo "1396"]
[BlackElo "1566"]
[PlyCount "121"]
[GameId "2160767910579715"]
[EventDate "2007.09.01"]
[EventType "swiss"]
[EventRounds "6"]
[EventCountry "CAN"]

1. f4 d5 2. Nf3 Nc6 3. e3 a6 4. Be2 Nf6 5. O-O e6 6. b3 Bc5 7. Bb2 O-O 8. Qe1 d4 9. Bd3 dxe3 10. dxe3 h6 11. h3 Nd5 12. Bc1 Qf6 13. c3 Nxf4 14. Be4 Nd5 15. Bxd5 exd5 16. Nd4 Qg6 17. Rf3 Nxd4 18. cxd4 Bd6 19. Nc3 c6 20. Ne2 Bf5 21. Nf4 Bxf4 22. exf4 Rae8 23. Be3 Qe6 24. Rd1 Re7 25. g4 Be4 26. f5 Qf6 27. Rf4 Bc2 28. Rd2 Rfe8 29. Rf3 Be4 30. Rf4 Bxf5 31. Re2 Bxg4 32. Rxf6 Bxe2 33. Bxh6 Bh5 34. Qg3 Re1+ 35. Rf1 Rxf1+ 36. Kxf1 Bg6 37. Be3 Bb1 38. a3 Bc2 39. b4 Bd3+ 40. Kf2 Bf5 41. h4 Kh8 42. h5 Be6 43. Qf4 Rg8 44. Qc7 Bc8 45. Qxf7 Rd8 46. Qg6 Kg8 47. h6 Rd7 48. Qe8+ Kh7 49. Qxc8 Rf7+ 50. Ke2 gxh6 51. Qe6 Rg7 52. Qxh6+ Kg8 53. Qe6+ Kh7 54. Bh6 Rg6 55. Qf7+ Kxh6 56. Qxb7 Kg5 57. Qxa6 Kf4 58. Qd3 Rg2+ 59. Kd1 Rg3 60. Qxg3+ Kxg3 61. a4 1-0